书目信息 |
| 题名: |
建国以来重要文献选编
|
|
| 作者: | ||
| 分册: | ||
| 出版信息: | 北京 中央文献出版社 1995 |
|
| 页数: | 785 | |
| 开本: | 20 cm | |
| 丛书名: | ||
| 单 册: | ||
| 中图分类: | K05 | |
| 科图分类: | ||
| 主题词: | 史料学 | |
| 电子资源: | ||
| ISBN: | 7-5073-0301-2 | |
| 000 | 00457nam0 2200169 450 | |
| 001 | 0735257515 | |
| 005 | 20070904094737.51 | |
| 010 | @a7-5073-0301-2@d43 | |
| 100 | @a20070904d km y0chiy0120 ea | |
| 101 | 0 | @achi |
| 200 | 1 | @a建国以来重要文献选编@Ajian guo yi lai zhong yao wen xian xuan bian |
| 210 | @a北京@c中央文献出版社@d1995 | |
| 215 | @a785@d20 cm | |
| 606 | 0 | @a史料学 |
| 690 | @aK05@v3 | |
| 801 | 0 | @aCN@bPFT@c20070904 |
| 905 | @a213230@dK05@ea1:13@f1 | |
| 建国以来重要文献选编.-北京:中央文献出版社,1995 |
| 785;20 cm |
| ISBN 7-5073-0301-2:43 |
| ● |
| 相关链接 |
|
|
|
|
正题名:建国以来重要文献选编
索取号:K05/a1:13
 
预约/预借
| 序号 | 登录号 | 条形码 | 馆藏地/架位号 | 状态 | 备注 |
| 1 | 7504143 | 275041438 | 密集书库-史法系/ [索取号:K05/a1:13] | 在馆 |